000 00990cam a2200265 4500500
005 20251214042707.0
041 _afre
042 _adc
100 1 0 _aYzet, Clara
_eauthor
700 1 0 _aChevaux, Jean-Baptiste
_eauthor
700 1 0 _aSchaefer, Marion
_eauthor
700 1 0 _aTelliez, Frédéric
_eauthor
700 1 0 _aJézéquel, Julien
_eauthor
700 1 0 _aKaassis, Mehdi
_eauthor
700 1 0 _aBories, Erwan
_eauthor
700 1 0 _aGincul, Rodica
_eauthor
700 1 0 _aPioche, Mathieu
_eauthor
700 1 0 _aVanbiervliet, Geoffroy
_eauthor
700 1 0 _aVanbiervliet, William
_eauthor
245 0 0 _aRecommandations de la Société Française d’Endoscopie Digestive sur l’ergonomie en endoscopie digestive
260 _c2025.
500 _a39
786 0 _nHépato-Gastro & Oncologie Digestive | 32 | 9 | 2025-12-02 | p. 893-897 | 2115-3310
856 4 1 _uhttps://stm.cairn.info/revue-hepato-gastro-oncologie-digestive-2025-9-page-893?lang=fr&redirect-ssocas=7080
999 _c1576973
_d1576973